50 Largest Cities In Canada By Population - Statistics

General Stats
  • This quiz has been taken 118 times
  • The average score is 24 of 50
Answer Stats
Province Polulation Answer % Correct
Quebec 1,762,949 Montreal
97%
Ontario 1,017,449 Ottawa
96%
Ontario 2,794,356 Toronto
96%
Alberta 1,306,784 Calgary
94%
Alberta 1,010,899 Edmonton
94%
BC 662,248 Vancouver
94%
Quebec 549,459 Quebec City
91%
Manitoba 749,607 Winnipeg
91%
Nova Scotia 439,819 Halifax
83%
Ontario 422,324 London
83%
Ontario 569,353 Hamilton
80%
Ontario 717,961 Mississauga
75%
BC 117,735 Victoria/Saanich
75%
Ontario 229,660 Windsor
74%
Saskatchewan 226,404 Regina
72%
Newfoundland and Labrador 110,525 St. John's
72%
Saskatchewan 266,141 Saskatoon
71%
Ontario 656,480 Brampton
57%
Ontario 256,885 Kitchener
55%
Quebec 438,366 Laval
54%
BC 568,322 Surrey
54%
Ontario 175,383 Oshawa
48%
Ontario 166,004 Greater Sudbury
42%
Quebec 172,950 Sherbrooke
42%
Quebec 139,163 Trois-Rivieres
41%
Quebec 291,041 Gatineau
38%
BC 144,576 Kelowna
38%
Ontario 143,740 Guelph
36%
BC 209,937 Richmond
35%
Ontario 147,829 Barrie
33%
Ontario 338,503 Markham
33%
Ontario 132,485 Kingston
32%
BC 153,524 Abbotsford
30%
BC 249,125 Burnaby
30%
Ontario 121,436 Waterloo
29%
Ontario 186,948 Burlington
26%
Quebec 144,723 Saguenay
26%
Ontario 213,759 Oakville
23%
Ontario 202,022 Richmond Hill
23%
Quebec 149,683 Levis
22%
Ontario 126,666 Ajax
19%
Ontario 138,479 Cambridge
19%
BC 148,625 Coquitlam
16%
Ontario 136,803 St.Catherines
16%
Ontario 138,501 Whitby
16%
BC 132,603 Langley
13%
Quebec 254,483 Longeuil
13%
Ontario 132,979 Milton
12%
Quebec 119,944 Terrebonne
10%
Ontario 323,103 Vaughn
10%
No matching quizzes found
Score Distribution
Percent of People with Each Score
Percentile by Number Answered
Your Score History
You have not taken this quiz